Italian Language Food - Vegetables - Statistics

General Stats
  • This quiz has been taken 79 times
  • The average score is 16 of 18
Answer Stats
Hint Answer % Correct
asparagus asparago
100%
broccoli broccolo
100%
lettuce lattuga
100%
potato patata
100%
pepper (bell) pepe/pepperone
100%
spinach spinaci
100%
zucchini zucchine
100%
carrot carota
96%
cauliflower cavolfiori
96%
green beans fagiolini/fagioli verdi
96%
tomato pomodoro
96%
vegetable verdure/ortaggi
91%
corn granturco/mais
87%
cucumber cetriolo
78%
onion cipolla
78%
peas piselli
78%
squash schiacciare
61%
celery sedano
43%
No matching quizzes found
Score Distribution
Percent of People with Each Score
Percentile by Number Answered
Your Score History
You have not taken this quiz